000 01694nam0a2200349 4500
001 RU\NLR\bibl\1445068
005 20260406050755.0
010 _a978-5-7691-2069-5
_9200
021 _aRU
_b2009-80872
_95073
035 _a(NLR Aleph) 001436906
090 _a1438203
_c1438203
100 _a20091130d2009 |||y0rusy50 ca
101 0 _arus
102 _aRU
105 _aa |||||||||
200 1 _aКопытные (Mammalia, Artiodactyla) на Среднем Урале
_fВ.Н. Большаков, Н.С. Корытин, Н.И. Марков, Н.Л. Погодин
_gРос. акад. наук, Урал. отд-ние, Ин-т экологии растений и животных
210 _aЕкатеринбург
_cИнститут экологии растений и животных УрО РАН
_d2009
215 _a158, [2] с., [6] л. цв. ил.
_cцв. ил.
_d22
300 _aЗагл. обл.: Копытные на Среднем Урале
320 _aБиблиогр.: с. 149-159
512 0 _aКопытные на Среднем Урале
606 1 _aПарнокопытные
_yУрал Средний
_92578487
_3RU\NLR\auth\661524432
686 _aЕ693.364.4(2Р36,4)
701 1 _4070
_7ca
_8rus
_aБольшаков
_bВ. Н.
_f1934-
_gВладимир Николаевич
_9116151
_3RU\NLR\auth\776196
701 1 _aКорытин
_bН. С.
_gНиколай Сергеевич
_4070
701 1 _aМарков
_bН. И.
_gНиколай Ильич
_4070
701 1 _aПогодин
_bН. Л.
_gНиколай Леонидович
_4070
801 0 _aRU
_bNLR
_c20091130
_gRCR
801 1 _aRU
_bNLR
_c20091130
942 _cBOOK
980 _aNB